| 000 | 00477cam a2200193ua 4500 | ||
|---|---|---|---|
| 001 | 11881 | ||
| 005 | 20260515114818.0 | ||
| 008 | 191115n ii |||gr||||Z||||||eng | ||
| 020 | _a9788176484282 | ||
| 040 | _cMAIN | ||
| 041 | _aeng | ||
| 082 | _a370.13 | ||
| 100 |
_aPratap Kumar Panda, _eAuthor. |
||
| 245 |
_aValue education _cBy Pratap Kumar Panda |
||
| 260 |
_aNew Delhi: _bAPH publishing corporation, _c2017. |
||
| 300 | _a195p. | ||
| 653 | _aEducation | ||
| 942 | _cBK | ||
| 999 |
_c10659 _d10659 |
||